MARC details
| 000 -CABECERA |
| campo de control de longitud fija |
02259nam a2200277 a 4500 |
| 005 - FECHA Y HORA DE LA ÚLTIMA TRANSACCIÓN |
| campo de control |
20260324064032.0 |
| 008 - DATOS DE LONGITUD FIJA--INFORMACIÓN GENERAL |
| campo de control de longitud fija |
240618s2015 mx |||||r|||| 000 0 spa d |
| 020 ## - NÚMERO INTERNACIONAL NORMALIZADO PARA LIBROS |
| Número Internacional Normalizado del libro |
9786074773248 (colección) |
| 020 ## - NÚMERO INTERNACIONAL NORMALIZADO PARA LIBROS |
| Número Internacional Normalizado del libro |
9786072804197 |
| 040 ## - FUENTE DE CATALOGACIÓN |
| Agencia de catalogación original |
MX-MxUPN |
| Idioma de catalogación |
spa |
| Agencia que realiza la transcripción |
MX-MxUPN |
| 041 0# - |
| -- |
spa |
| 050 14 - |
| -- |
LA422 |
| -- |
R39 2015 |
| 245 03 - MENCIÓN DE TÍTULO |
| Título |
La reforma educativa en el Pacto por México |
| 250 ## - MENCIÓN DE EDICIÓN |
| Mención de edición |
Primera edición. |
| 260 ## - PUBLICACION, DISTRIBUCION, ETC. (PIE DE IMPRENTA) |
| Lugar de publicación, distribución, etc. |
México, D.F. : |
| Nombre del editor, distribuidor, etc. |
Universidad Autónoma Metropolitana, |
| Fecha de publicación, distribución, etc. |
2015. |
| 300 ## - DESCRIPCIÓN FÍSICA |
| Extensión |
293 páginas |
| 490 0# - |
| -- |
Colección Abate Faria ; |
| -- |
21 |
| 505 00 - |
| -- |
Un órgano autónomo para un sistema nacional de evaluación educativa -- |
| -- |
Fortalecimiento de la autonomía de la gestión escolar / |
| -- |
Carolina Irene Crowlet Rabatte -- |
| -- |
Reflexiones analíticas sobre el Programa de Escuelas de Tiempo Completo / |
| -- |
Javier E. Jiménez Bolón, María Alicia Hernández García, Ivonne Osorio Rodríguez, Priscila Rosas Herrera, Fabiola Santiago Trujillo -- |
| -- |
El significado de las tecnologías de la información y la comunicación en el contexto de la reforma educativa en México / |
| -- |
Mauricio Andión Gamboa -- |
| -- |
El servicio profesional docente. ¿Reforma educativa, laboral o híbrida? / |
| -- |
Laura Magaña Pastrana, Lucila Parga Romero -- |
| -- |
El fortalecimiento de la formación inicial docente en la reforma educativa / |
| -- |
Carlos Reséndiz Rodríguez, Yesenia Abrajan Palacios -- |
| -- |
La educación media superior y superior en el marco de la reforma educativa. Ampliar la cobertura educativa / |
| -- |
Rebeca Caballero Álvarez, Marisol de Paz, Jaqueline González, Alonso Sarmiento -- |
| -- |
El ¿nuevo y necesario? Programa Nacional de Becas para la Educación Media Superior y Superior / |
| -- |
Abril Acosta Ochoa, Sandra Milena Pacheco Páez -- |
| -- |
El presupuesto federal en las reformas constitucionales y compromisos en materia educativa del Pacto por México / |
| -- |
Cristian M. Solórzano, Janette Góngora Soberanes, Ana Beatriz Pérez Díaz. |
| 650 #4 - |
| -- |
Reforma educativa |
| -- |
México |
| -- |
4075 |
| 650 #4 - |
| -- |
Educación |
| -- |
México |
| -- |
Siglo XXI |
| -- |
13009 |
| 700 1# - |
| -- |
Góngora Soberanes, Patricia Janette |
| -- |
52221 |
| -- |
coordinación |
| 700 1# - |
| -- |
Jiménez Bolón, Javier |
| -- |
52773 |
| -- |
coordinación |
| 902 ## - ELEMENTOS DE DATOS B LOCAL, LDB (RLIN) |
| Creó |
MarielOrtiz/18/06/24 |
| Modificó |
Víctor Ruiz/010824 |
| 942 ## - ELEMENTOS DE PUNTO DE ACCESO ADICIONAL (KOHA) |
| Fuente del sistema de clasificación o colocación |
Library of Congress Classification |
| Tipo de ítem Koha |
Libro |